| 000 | 00471cam a22001217a 4500 | ||
|---|---|---|---|
| 008 | 180718b xxu||||| |||| 00| 0 eng d | ||
| 082 | _aT19x5462 H57/1990-91 | ||
| 100 | _aHimachal Pradesh. Finance, Planning and Economics & Statistics Department | ||
| 245 |
_aEconomic review of Himachal Pradesh _cby Finance, Planning and Economics & Statistics Department |
||
| 260 |
_aShimla _bGovernment of Himachal Pradesh _c |
||
| 300 | _av.p. | ||
| 500 | _aLibrary has 1983-85 and 1990-91 | ||
| 999 |
_c504221 _d504221 |
||